000 00528nmm a2200169Ia 4500
008 251105s9999||||xx |||||||||||||||||und||
020 _a8470307053
041 _aspa
100 _aTubert, Silvia
245 0 _aMalestar en la palabra :
_b El pensamiento crítico de Freud y la Viena de su tiempo
264 _a[Madrid, España] :
_bBiblioteca Nueva,
_c1999
300 _a336 páginas
490 _aEnsayo Pensamiento
650 _aPhilosophy, Ethics
856 _uhttps://public.digitaliapublishing.com/a/4609
942 _cCF
999 _c73157
_d73157